Search the Library Catalogue
| 000 -LEADER | |
|---|---|
| fixed length control field | 01025nam a2200169Ia 4500 |
| 008 - FIXED-LENGTH DATA ELEMENTS--GENERAL INFORMATION | |
| fixed length control field | 250627s9999 xx 000 0 und d |
| 020 ## - INTERNATIONAL STANDARD BOOK NUMBER | |
| ISBN | 9780470098264 |
| 082 ## - DEWEY DECIMAL CLASSIFICATION NUMBER | |
| Classification number | 910.73071 |
| Item number | BIR |
| 100 ## - MAIN ENTRY--AUTHOR NAME | |
| Personal name | Birdsall, Stephen S. |
| 245 #0 - TITLE STATEMENT | |
| Title | Regional Landscapes of the US and Canada |
| 260 ## - PUBLICATION, DISTRIBUTION, ETC. (IMPRINT) | |
| Name of publisher | John Wiley & Sons |
| Year of publication | 2008 |
| 300 ## - PHYSICAL DESCRIPTION | |
| Number of Pages | 270 pages |
| 500 ## - GENERAL NOTE | |
| General note | This bestselling book has been praised for providing general readers with an excellent introduction to major geographic concepts and fundamental themes. The new seventh edition builds on this success, presenting updated and revised material. It includes information from the 2002 agricultural census and the 2005 mid-point US population census. Readers will also find updated coverage of the Southern Coastlands and Hurricane Katrina as well as new details on the Northlands and the impact of global warming. Anyone interested in the geography of Canada and the US will find this a valuable resource. |
| 650 ## - SUBJECT ADDED ENTRY--TOPICAL TERM | |
| Topical Term | Science |
| 942 ## - ADDED ENTRY ELEMENTS (KOHA) | |
| Koha item type | English Books |
| Withdrawn status | Lost status | Damaged status | Not for loan | Home library | Current library | Shelving location | Date acquired | Full call number | Accession Number | Price effective from | Koha item type |
|---|---|---|---|---|---|---|---|---|---|---|---|
| Anna Centenary Library | Anna Centenary Library | 7TH FLOOR, B WING | 27.06.2025 | 910.73071 BIR | 127145 | 27.06.2025 | English Books |